Sagome di Stati con bandiere #5 - Statistics

Statistiche generali
  • Questo quiz è stato fatto 2.812 volte
  • Il punteggio medio è 13 su 16
Statistiche sulle risposte
con Immagini Risposta % Corretto
Turchia
99%
Germania
98%
Belgio
95%
Serbia
93%
Venezuela
92%
Qatar
91%
Algeria
90%
Somalia
89%
Angola
85%
Filippine
84%
Monaco
82%
Costa Rica
79%
Zambia
70%
Haiti
68%
Belize
61%
Oman
59%
Nessun quiz corrispondente trovato
Distribuzione punteggi
Percentuale di utenti per punteggio
Percentile per numero di risposta
I tuoi punteggi nel tempo
Non hai fatto questo quiz